[Event "DVM U14w 2018"]
[Site "Neumünster GER"]
[Date "2018.12.29"]
[Round "6"]
[White "Roncea, Andreea-Alexandra"]
[Black "Gutmann, Anna"]
[Result "1/2-1/2"]
[Termination "normal"]
[Board "3.2"]
[WhiteElo "1511"]
[BlackElo "1499"]
[WhiteClock "00:16:26"]
[BlackClock "00:38:24"]
[WhiteTeam "SC Papenburg"]
[BlackTeam "SC Weisse Dame"]
[PlyCount "105"]
[WhiteFideId "16233115"]
[BlackFideId "16208889"]
[EventCountry "GER"]
[EventRounds "7"]
[EventType "team-swiss"]
[EventDate "2018.12.26"]

1. e4 {[%clk 01:30:58]} {[%emt 00:00:01]} c6 {[%clk 01:30:54]} {[%emt
00:00:06]} 2. d4 {[%clk 01:31:22]} {[%emt 00:00:06]} d5 {[%clk 01:31:19]}
{[%emt 00:00:05]} 3. exd5 {[%clk 01:31:46]} {[%emt 00:00:06]} cxd5 {[%clk
01:31:43]} {[%emt 00:00:06]} 4. Bd3 {[%clk 01:32:07]} {[%emt 00:00:09]} Nc6
{[%clk 01:32:04]} {[%emt 00:00:10]} 5. c3 {[%clk 01:32:30]} {[%emt 00:00:06]}
Qc7 {[%clk 01:32:27]} {[%emt 00:00:07]} 6. h3 {[%clk 01:32:50]} {[%emt
00:00:10]} Nf6 {[%clk 01:32:28]} {[%emt 00:00:30]} 7. Nf3 {[%clk 01:32:55]}
{[%emt 00:00:25]} g6 {[%clk 01:32:03]} {[%emt 00:00:54]} 8. O-O {[%clk
01:30:40]} {[%emt 00:02:45]} Bg7 {[%clk 01:31:09]} {[%emt 00:01:24]} 9. Bg5
{[%clk 01:29:55]} {[%emt 00:01:12]} Bf5 {[%clk 01:28:44]} {[%emt 00:02:58]} 10.
Bxf5 {[%clk 01:27:26]} {[%emt 00:02:59]} gxf5 {[%clk 01:28:58]} {[%emt
00:00:15]} 11. Re1 {[%clk 01:24:32]} {[%emt 00:03:25]} Ne4 {[%clk 01:25:10]}
{[%emt 00:04:19]} 12. Bc1 {[%clk 01:17:33]} {[%emt 00:07:27]} O-O-O {[%clk
01:20:42]} {[%emt 00:05:00]} 13. Nbd2 {[%clk 01:12:48]} {[%emt 00:05:14]} e5
{[%clk 01:14:14]} {[%emt 00:06:58]} 14. Nb3 {[%clk 01:05:21]} {[%emt 00:07:58]}
Rhg8 {[%clk 01:08:02]} {[%emt 00:06:41]} 15. dxe5 {[%clk 00:47:29]} {[%emt
00:18:23]} Nxe5 {[%clk 00:59:07]} {[%emt 00:09:25]} 16. Nbd4 {[%clk 00:44:27]}
{[%emt 00:03:30]} Qd7 {[%clk 00:52:17]} {[%emt 00:07:20]} 17. Bf4 {[%clk
00:40:37]} {[%emt 00:04:20]} Ng6 {[%clk 00:45:29]} {[%emt 00:07:19]} 18. Bh2
{[%clk 00:39:27]} {[%emt 00:01:38]} f4 {[%clk 00:36:14]} {[%emt 00:09:48]} 19.
Rc1 {[%clk 00:33:49]} {[%emt 00:06:08]} Bf6 {[%clk 00:29:49]} {[%emt 00:06:54]}
20. c4 {[%clk 00:31:26]} {[%emt 00:02:53]} Kb8 {[%clk 00:27:29]} {[%emt
00:02:50]} 21. b3 {[%clk 00:26:45]} {[%emt 00:05:12]} Nh4 {[%clk 00:24:02]}
{[%emt 00:03:55]} 22. Bxf4+ {[%clk 00:21:11]} {[%emt 00:06:05]} Ka8 {[%clk
00:23:35]} {[%emt 00:00:57]} 23. g3 {[%clk 00:18:32]} {[%emt 00:03:09]} Qxh3
{[%clk 00:22:08]} {[%emt 00:01:57]} 24. Nxh4 {[%clk 00:18:39]} {[%emt
00:00:24]} Bxh4 {[%clk 00:21:00]} {[%emt 00:01:37]} 25. Re3 {[%clk 00:15:35]}
{[%emt 00:03:31]} Rg4 {[%clk 00:16:14]} {[%emt 00:05:19]} 26. Qf1 {[%clk
00:13:41]} {[%emt 00:02:20]} Qxf1+ {[%clk 00:14:54]} {[%emt 00:01:54]} 27. Kxf1
{[%clk 00:13:15]} {[%emt 00:00:56]} Bf6 {[%clk 00:14:30]} {[%emt 00:00:54]} 28.
Nb5 {[%clk 00:11:35]} {[%emt 00:02:09]} Bg5 {[%clk 00:10:33]} {[%emt 00:04:28]}
29. Bxg5 {[%clk 00:10:07]} {[%emt 00:01:59]} Nxg5 {[%clk 00:10:42]} {[%emt
00:00:20]} 30. cxd5 {[%clk 00:10:02]} {[%emt 00:00:35]} a6 {[%clk 00:10:26]}
{[%emt 00:00:46]} 31. Nc7+ {[%clk 00:09:42]} {[%emt 00:00:47]} Kb8 {[%clk
00:10:42]} {[%emt 00:00:17]} 32. Re8 {[%clk 00:09:44]} {[%emt 00:00:24]} Rxe8
{[%clk 00:10:46]} {[%emt 00:00:30]} 33. Nxe8 {[%clk 00:10:11]} {[%emt
00:00:02]} Rd4 {[%clk 00:10:56]} {[%emt 00:00:20]} 34. Nf6 {[%clk 00:08:48]}
{[%emt 00:01:54]} Ne4 {[%clk 00:10:35]} {[%emt 00:00:51]} 35. Nxe4 {[%clk
00:06:19]} {[%emt 00:02:59]} Rxe4 {[%clk 00:10:59]} {[%emt 00:00:06]} 36. Rc4
{[%clk 00:06:12]} {[%emt 00:00:37]} Re8 {[%clk 00:10:45]} {[%emt 00:00:43]} 37.
Rh4 {[%clk 00:04:33]} {[%emt 00:02:05]} Rh8 {[%clk 00:10:52]} {[%emt 00:00:28]}
38. Rf4 {[%clk 00:04:45]} {[%emt 00:00:18]} Rf8 {[%clk 00:10:59]} {[%emt
00:00:23]} 39. Rh4 {[%clk 00:05:00]} {[%emt 00:00:15]} Rh8 {[%clk 00:11:21]}
{[%emt 00:00:08]} 40. Rh6 {[%clk 00:05:10]} {[%emt 00:00:20]} Kc7 {[%clk
00:10:48]} {[%emt 00:01:04]} 41. Kg2 {[%clk 00:04:55]} {[%emt 00:00:45]} Kd7
{[%clk 00:10:29]} {[%emt 00:00:49]} 42. Kf3 {[%clk 00:04:45]} {[%emt 00:00:39]}
Ke7 {[%clk 00:10:15]} {[%emt 00:00:43]} 43. Kf4 {[%clk 00:02:47]} {[%emt
00:02:28]} Rc8 {[%clk 00:10:09]} {[%emt 00:00:36]} 44. d6+ {[%clk 00:28:52]}
{[%emt 00:04:27]} Ke8 {[%clk 00:39:11]} {[%emt 00:01:27]} 45. Rxh7 {[%clk
00:25:15]} {[%emt 00:04:07]} Rc2 {[%clk 00:39:24]} {[%emt 00:00:17]} 46. Ke3
{[%clk 00:22:38]} {[%emt 00:03:06]} Rxa2 {[%clk 00:39:13]} {[%emt 00:00:43]}
47. Rh8+ {[%clk 00:19:41]} {[%emt 00:03:26]} Kd7 {[%clk 00:39:14]} {[%emt
00:00:29]} 48. Rb8 {[%clk 00:19:04]} {[%emt 00:01:03]} Kxd6 {[%clk 00:38:53]}
{[%emt 00:00:56]} 49. Rxb7 {[%clk 00:19:14]} {[%emt 00:00:19]} Ke6 {[%clk
00:38:55]} {[%emt 00:00:28]} 50. Rb6+ {[%clk 00:19:06]} {[%emt 00:00:37]} Ke7
{[%clk 00:39:00]} {[%emt 00:00:25]} 51. g4 {[%clk 00:18:16]} {[%emt 00:01:19]}
a5 {[%clk 00:38:43]} {[%emt 00:00:49]} 52. f4 {[%clk 00:18:01]} {[%emt
00:00:43]} a4 {[%clk 00:38:24]} {[%emt 00:00:51]} 53. bxa4 {[%clk 00:16:26]}
{[%emt 00:02:06]} 1/2-1/2

[Event "DVM U14w 2018"]
[Site "Neumünster GER"]
[Date "2018.12.29"]
[Round "6"]
[White "Fayngold, Sophie Olivia"]
[Black "Evering, Enna"]
[Result "0-1"]
[Termination "normal"]
[Board "3.3"]
[WhiteElo "1378"]
[BlackElo "1388"]
[WhiteClock "00:18:22"]
[BlackClock "00:18:17"]
[WhiteTeam "SC Weisse Dame"]
[BlackTeam "SC Papenburg"]
[PlyCount "112"]
[WhiteFideId "16244761"]
[BlackFideId "16218213"]
[EventCountry "GER"]
[EventRounds "7"]
[EventType "team-swiss"]
[EventDate "2018.12.26"]

1. e4 {[%clk 01:30:59]} {[%emt 00:41:50]} e5 {[%clk 01:30:47]} {[%emt
00:00:13]} 2. Nf3 {[%clk 01:31:26]} {[%emt 00:00:03]} Nc6 {[%clk 01:31:06]}
{[%emt 00:00:12]} 3. Bc4 {[%clk 01:31:52]} {[%emt 00:00:04]} Nf6 {[%clk
01:31:26]} {[%emt 00:00:09]} 4. d3 {[%clk 01:32:16]} {[%emt 00:00:06]} Be7
{[%clk 01:31:37]} {[%emt 00:00:19]} 5. Nc3 {[%clk 01:32:32]} {[%emt 00:00:15]}
d6 {[%clk 01:31:25]} {[%emt 00:00:41]} 6. h3 {[%clk 01:32:55]} {[%emt
00:00:07]} Na5 {[%clk 01:30:08]} {[%emt 00:01:46]} 7. Bb3 {[%clk 01:31:43]}
{[%emt 00:01:43]} O-O {[%clk 01:28:15]} {[%emt 00:02:23]} 8. Be3 {[%clk
01:31:48]} {[%emt 00:00:24]} Nxb3 {[%clk 01:24:30]} {[%emt 00:04:16]} 9. axb3
{[%clk 01:32:07]} {[%emt 00:00:12]} Re8 {[%clk 01:21:47]} {[%emt 00:03:12]} 10.
Qd2 {[%clk 01:32:19]} {[%emt 00:00:19]} c6 {[%clk 01:17:47]} {[%emt 00:04:30]}
11. Rxa7 {[%clk 01:22:36]} {[%emt 00:10:12]} Rxa7 {[%clk 01:13:42]} {[%emt
00:04:35]} 12. Bxa7 {[%clk 01:22:56]} {[%emt 00:00:11]} c5 {[%clk 01:09:50]}
{[%emt 00:04:22]} 13. Nd5 {[%clk 01:20:17]} {[%emt 00:03:08]} Nxd5 {[%clk
01:08:29]} {[%emt 00:01:51]} 14. exd5 {[%clk 01:20:29]} {[%emt 00:00:18]} Qc7
{[%clk 01:06:07]} {[%emt 00:02:52]} 15. O-O {[%clk 01:18:25]} {[%emt 00:02:34]}
b6 {[%clk 01:01:24]} {[%emt 00:05:14]} 16. Ra1 {[%clk 01:15:58]} {[%emt
00:02:56]} Bd7 {[%clk 00:50:00]} {[%emt 00:11:54]} 17. Ra6 {[%clk 01:05:51]}
{[%emt 00:10:37]} Qb7 {[%clk 00:50:00]} {[%emt 00:00:30]} 18. Ra3 {[%clk
00:57:37]} {[%emt 00:08:43]} Ra8 {[%clk 00:48:25]} {[%emt 00:02:05]} 19. Bxb6
{[%clk 00:56:47]} {[%emt 00:01:21]} Rxa3 {[%clk 00:48:43]} {[%emt 00:00:12]}
20. bxa3 {[%clk 00:57:04]} {[%emt 00:00:13]} Qxb6 {[%clk 00:49:05]} {[%emt
00:00:08]} 21. Qd1 {[%clk 00:50:49]} {[%emt 00:06:45]} Qa5 {[%clk 00:42:34]}
{[%emt 00:07:01]} 22. a4 {[%clk 00:49:10]} {[%emt 00:02:09]} Qb4 {[%clk
00:37:54]} {[%emt 00:05:11]} 23. Qc1 {[%clk 00:42:59]} {[%emt 00:06:40]} Qb7
{[%clk 00:35:57]} {[%emt 00:02:26]} 24. Qd2 {[%clk 00:36:39]} {[%emt 00:06:50]}
Qxd5 {[%clk 00:33:20]} {[%emt 00:03:08]} 25. c4 {[%clk 00:36:30]} {[%emt
00:00:39]} Qb7 {[%clk 00:32:51]} {[%emt 00:00:58]} 26. Qc3 {[%clk 00:33:24]}
{[%emt 00:03:32]} Bc6 {[%clk 00:31:07]} {[%emt 00:02:18]} 27. Ne1 {[%clk
00:33:01]} {[%emt 00:00:54]} Bf6 {[%clk 00:29:30]} {[%emt 00:02:06]} 28. Qc2
{[%clk 00:28:07]} {[%emt 00:05:24]} h6 {[%clk 00:25:54]} {[%emt 00:04:08]} 29.
f3 {[%clk 00:26:29]} {[%emt 00:02:07]} Bh4 {[%clk 00:23:35]} {[%emt 00:02:48]}
30. Kf1 {[%clk 00:22:01]} {[%emt 00:04:59]} Qb4 {[%clk 00:23:49]} {[%emt
00:00:16]} 31. Qd1 {[%clk 00:21:14]} {[%emt 00:01:16]} Bxe1 {[%clk 00:23:18]}
{[%emt 00:01:02]} 32. Qxe1 {[%clk 00:21:29]} {[%emt 00:00:14]} Qxb3 {[%clk
00:22:27]} {[%emt 00:01:21]} 33. Qe2 {[%clk 00:20:40]} {[%emt 00:01:19]} Bxa4
{[%clk 00:20:22]} {[%emt 00:02:37]} 34. h4 {[%clk 00:20:39]} {[%emt 00:00:30]}
Qd1+ {[%clk 00:19:10]} {[%emt 00:01:41]} 35. Qxd1 {[%clk 00:20:31]} {[%emt
00:00:38]} Bxd1 {[%clk 00:19:35]} {[%emt 00:00:06]} 36. Kf2 {[%clk 00:20:55]}
{[%emt 00:00:06]} Kf8 {[%clk 00:19:50]} {[%emt 00:00:15]} 37. Ke1 {[%clk
00:21:04]} {[%emt 00:00:21]} Ba4 {[%clk 00:20:06]} {[%emt 00:00:15]} 38. g4
{[%clk 00:21:07]} {[%emt 00:00:26]} Bc6 {[%clk 00:20:15]} {[%emt 00:00:21]} 39.
Kf2 {[%clk 00:21:17]} {[%emt 00:00:19]} Ke7 {[%clk 00:20:33]} {[%emt 00:00:13]}
40. Ke3 {[%clk 00:21:13]} {[%emt 00:00:33]} Ke6 {[%clk 00:20:33]} {[%emt
00:00:30]} 41. f4 {[%clk 00:20:38]} {[%emt 00:01:05]} f5 {[%clk 00:16:27]}
{[%emt 00:04:36]} 42. g5 {[%clk 00:18:56]} {[%emt 00:02:13]} hxg5 {[%clk
00:15:39]} {[%emt 00:01:19]} 43. hxg5 {[%clk 00:19:03]} {[%emt 00:00:22]} g6
{[%clk 00:15:46]} {[%emt 00:00:23]} 44. fxe5 {[%clk 00:18:10]} {[%emt
00:01:23]} Kxe5 {[%clk 00:16:00]} {[%emt 00:00:17]} 45. Ke2 {[%clk 00:18:03]}
{[%emt 00:00:34]} f4 {[%clk 00:16:11]} {[%emt 00:00:21]} 46. Kf2 {[%clk
00:16:50]} {[%emt 00:01:42]} Kd4 {[%clk 00:16:32]} {[%emt 00:00:09]} 47. Ke2
{[%clk 00:17:14]} {[%emt 00:00:07]} Bb7 {[%clk 00:16:12]} {[%emt 00:00:51]} 48.
Kd2 {[%clk 00:16:33]} {[%emt 00:01:10]} f3 {[%clk 00:16:01]} {[%emt 00:00:41]}
49. Ke1 {[%clk 00:16:44]} {[%emt 00:00:19]} Ke3 {[%clk 00:16:26]} {[%emt
00:00:06]} 50. Kf1 {[%clk 00:16:49]} {[%emt 00:00:24]} f2 {[%clk 00:16:11]}
{[%emt 00:00:44]} 51. d4 {[%clk 00:17:00]} {[%emt 00:00:19]} Bg2+ {[%clk
00:16:35]} {[%emt 00:00:06]} 52. Kxg2 {[%clk 00:17:22]} {[%emt 00:00:09]} Ke2
{[%clk 00:17:01]} {[%emt 00:00:05]} 53. Kh2 {[%clk 00:17:26]} {[%emt 00:00:23]}
f1=Q {[%clk 00:17:23]} {[%emt 00:00:10]} 54. Kg3 {[%clk 00:17:43]} {[%emt
00:00:13]} Qf3+ {[%clk 00:17:46]} {[%emt 00:00:07]} 55. Kh4 {[%clk 00:18:00]}
{[%emt 00:00:13]} Kf2 {[%clk 00:17:59]} {[%emt 00:00:17]} 56. d5 {[%clk
00:18:22]} {[%emt 00:00:08]} Qh5# {[%clk 00:18:17]} {[%emt 00:00:10]} 0-1

[Event "DVM U14w 2018"]
[Site "Neumünster GER"]
[Date "2018.12.29"]
[Round "6"]
[White "Rosenboom, Anna Marie"]
[Black "Liu, Shandy"]
[Result "1-0"]
[Termination "normal"]
[Board "3.4"]
[WhiteElo "778"]
[BlackElo "790"]
[WhiteClock "00:46:44"]
[BlackClock "00:24:14"]
[WhiteTeam "SC Papenburg"]
[BlackTeam "SC Weisse Dame"]
[PlyCount "87"]
[WhiteFideId "16275306"]
[BlackFideId "16275357"]
[EventCountry "GER"]
[EventRounds "7"]
[EventType "team-swiss"]
[EventDate "2018.12.26"]

1. e4 {[%clk 01:30:59]} e5 {[%clk 01:30:53]} {[%emt 00:00:08]} 2. Nf3 {[%clk
01:31:25]} {[%emt 00:00:03]} Nc6 {[%clk 01:31:16]} {[%emt 00:00:07]} 3. Bb5
{[%clk 01:31:45]} {[%emt 00:00:11]} a6 {[%clk 01:31:18]} {[%emt 00:00:28]} 4.
Bxc6 {[%clk 01:32:02]} {[%emt 00:00:12]} dxc6 {[%clk 01:31:37]} {[%emt
00:00:12]} 5. O-O {[%clk 01:32:17]} {[%emt 00:00:15]} Bg4 {[%clk 01:31:51]}
{[%emt 00:00:14]} 6. h3 {[%clk 01:30:23]} {[%emt 00:02:25]} Bh5 {[%clk
01:32:07]} {[%emt 00:00:14]} 7. d3 {[%clk 01:30:07]} {[%emt 00:00:46]} Nf6
{[%clk 01:31:38]} {[%emt 00:00:59]} 8. Bg5 {[%clk 01:29:54]} {[%emt 00:00:44]}
h6 {[%clk 01:29:55]} {[%emt 00:02:13]} 9. Bh4 {[%clk 01:28:29]} {[%emt
00:01:55]} Bc5 {[%clk 01:25:04]} {[%emt 00:05:18]} 10. g4 {[%clk 01:25:22]}
{[%emt 00:03:40]} g5 {[%clk 01:20:16]} {[%emt 00:05:17]} 11. gxh5 {[%clk
01:20:42]} {[%emt 00:05:10]} gxh4 {[%clk 01:20:31]} {[%emt 00:00:15]} 12. Nxh4
{[%clk 01:20:46]} {[%emt 00:00:27]} Nxe4 {[%clk 01:17:52]} {[%emt 00:03:09]}
13. dxe4 {[%clk 01:13:37]} {[%emt 00:07:39]} Qxh4 {[%clk 01:18:09]} {[%emt
00:00:12]} 14. Qf3 {[%clk 01:13:59]} {[%emt 00:00:08]} O-O-O {[%clk 01:10:55]}
{[%emt 00:07:45]} 15. Nc3 {[%clk 01:10:23]} {[%emt 00:04:06]} Rd2 {[%clk
01:09:53]} {[%emt 00:01:30]} 16. Na4 {[%clk 01:03:48]} {[%emt 00:07:06]} Rg8+
{[%clk 01:09:20]} {[%emt 00:01:03]} 17. Kh1 {[%clk 01:02:04]} {[%emt 00:02:14]}
Rxf2 {[%clk 01:07:51]} {[%emt 00:01:59]} 18. Rxf2 {[%clk 01:01:20]} {[%emt
00:01:14]} Bxf2 {[%clk 01:07:24]} {[%emt 00:00:57]} 19. Rf1 {[%clk 00:59:59]}
{[%emt 00:01:51]} Bg3 {[%clk 01:02:01]} {[%emt 00:05:53]} 20. Qg2 {[%clk
00:58:03]} {[%emt 00:02:26]} Rg4 {[%clk 00:58:37]} {[%emt 00:03:53]} 21. Rxf7
{[%clk 00:55:43]} {[%emt 00:02:52]} b6 {[%clk 00:48:10]} {[%emt 00:10:55]} 22.
Nc3 {[%clk 00:53:08]} {[%emt 00:03:07]} Rf4 {[%clk 00:42:07]} {[%emt 00:06:32]}
23. Rxf4 {[%clk 00:50:55]} {[%emt 00:02:44]} Bxf4 {[%clk 00:42:06]} {[%emt
00:00:30]} 24. Qg4+ {[%clk 00:50:17]} {[%emt 00:01:08]} Qxg4 {[%clk 00:39:26]}
{[%emt 00:03:11]} 25. hxg4 {[%clk 00:50:39]} {[%emt 00:00:07]} b5 {[%clk
00:39:28]} {[%emt 00:00:29]} 26. Ne2 {[%clk 00:50:26]} {[%emt 00:00:42]} Bg5
{[%clk 00:38:18]} {[%emt 00:01:38]} 27. Ng1 {[%clk 00:47:59]} {[%emt 00:02:58]}
c5 {[%clk 00:37:14]} {[%emt 00:01:35]} 28. Nf3 {[%clk 00:48:13]} {[%emt
00:00:16]} Bf4 {[%clk 00:36:47]} {[%emt 00:00:56]} 29. g5 {[%clk 00:46:19]}
{[%emt 00:02:24]} Kd8 {[%clk 00:35:33]} {[%emt 00:01:46]} 30. g6 {[%clk
00:46:29]} {[%emt 00:00:20]} Ke8 {[%clk 00:34:27]} {[%emt 00:01:35]} 31. Kg2
{[%clk 00:46:25]} {[%emt 00:00:34]} c4 {[%clk 00:33:38]} {[%emt 00:01:20]} 32.
Kh3 {[%clk 00:46:33]} {[%emt 00:00:21]} a5 {[%clk 00:31:05]} {[%emt 00:03:04]}
33. c3 {[%clk 00:45:43]} {[%emt 00:01:19]} c5 {[%clk 00:30:56]} {[%emt
00:00:39]} 34. Kg4 {[%clk 00:46:03]} {[%emt 00:00:11]} Be3 {[%clk 00:31:06]}
{[%emt 00:00:13]} 35. Kf5 {[%clk 00:46:19]} {[%emt 00:00:20]} Bd4 {[%clk
00:30:28]} {[%emt 00:01:09]} 36. Kf6 {[%clk 00:46:03]} {[%emt 00:00:45]} Kf8
{[%clk 00:30:23]} {[%emt 00:00:35]} 37. g7+ {[%clk 00:45:34]} {[%emt 00:01:00]}
Kg8 {[%clk 00:27:56]} {[%emt 00:02:57]} 38. Kg6 {[%clk 00:45:42]} {[%emt
00:00:22]} Be3 {[%clk 00:27:34]} {[%emt 00:00:50]} 39. Nxe5 {[%clk 00:45:47]}
{[%emt 00:00:26]} Bf4 {[%clk 00:23:39]} {[%emt 00:04:25]} 40. Ng4 {[%clk
00:45:26]} {[%emt 00:00:51]} b4 {[%clk 00:23:28]} {[%emt 00:00:42]} 41. Nxh6+
{[%clk 00:45:49]} {[%emt 00:00:06]} Bxh6 {[%clk 00:23:51]} {[%emt 00:00:08]}
42. Kxh6 {[%clk 00:46:15]} {[%emt 00:00:03]} b3 {[%clk 00:23:54]} {[%emt
00:00:28]} 43. axb3 {[%clk 00:46:25]} {[%emt 00:00:19]} cxb3 {[%clk 00:24:14]}
{[%emt 00:00:10]} 44. Kg6 {[%clk 00:46:44]} {[%emt 00:00:12]} 1-0

[Event "DVM U14w 2018"]
[Site "Neumünster GER"]
[Date "2018.12.29"]
[Round "6"]
[White "Bardorz, Jana"]
[Black "Reuter, Elisa"]
[Result "0-1"]
[Termination "normal"]
[Board "4.1"]
[WhiteElo "1722"]
[BlackElo "1839"]
[WhiteTeam "Karlsruher SF"]
[BlackTeam "SG Leipzig"]
[PlyCount "140"]
[WhiteFideId "16208897"]
[BlackFideId "12995444"]
[EventCountry "GER"]
[EventRounds "7"]
[EventType "team-swiss"]
[EventDate "2018.12.26"]

1. e4 c5 2. Nf3 Nc6 3. d4 cxd4 4. Nxd4 g6 5. c4 Bg7 6. Nc2 Nf6 7. Nc3 O-O 8.
Be2 d6 9. O-O Be6 10. Bd2 Rc8 11. Rc1 a5 12. a3 Nd7 13. Kh1 Nc5 14. b4 Nb3 15.
Rb1 Nxd2 16. Qxd2 axb4 17. Nxb4 Na5 18. Ncd5 Nxc4 19. Qa2 Nb6 20. Rfc1 Nxd5 21.
Nxd5 Bxd5 22. Qxd5 Rxc1+ 23. Rxc1 Qb6 24. Bc4 e6 25. Qd2 Rc8 26. Bd3 Rxc1+ 27.
Qxc1 Qxf2 28. Qc8+ Bf8 29. h3 Qd4 30. Bc2 Qa1+ 31. Kh2 Qxa3 32. Qxb7 d5 33. Qc8
Qd6+ 34. Kh1 d4 35. Qc4 Qc5 36. Qxc5 Bxc5 37. g4 Kf8 38. Kg2 Ke7 39. Kf3 Kf6
40. Bd3 Bd6 41. Bc2 Kg5 42. Bd3 h6 43. Bc2 Kh4 44. Kg2 h5 45. gxh5 Kxh5 46. Kf3
Kh4 47. Kg2 Bf8 48. Bd3 Bh6 49. Bc2 f5 50. Bd3 Kg5 51. Kf3 Kf6 52. Bc2 Ke5 53.
Bd3 Kd6 54. Bc2 Bc1 55. Ke2 Kc5 56. Kd3 e5 57. Bd1 Kd6 58. Bc2 Be3 59. Ke2 f4
60. Bd1 Ke6 61. Kd3 Kf6 62. h4 Bf2 63. h5 gxh5 64. Bxh5 Kg5 65. Bf3 Kh4 66. Ke2
Kg3 67. Bh5 d3+ 68. Kxd3 f3 69. Kd2 Kg2 70. Kd1 Bg3 0-1

[Event "DVM U14w 2018"]
[Site "Neumünster GER"]
[Date "2018.12.29"]
[Round "6"]
[White "Oswald, Hannah"]
[Black "Schulz, Hannah"]
[Result "1-0"]
[Termination "normal"]
[Board "4.2"]
[WhiteElo "1613"]
[BlackElo "1518"]
[WhiteTeam "SG Leipzig"]
[BlackTeam "Karlsruher SF"]
[PlyCount "57"]
[WhiteFideId "16214960"]
[BlackFideId "16244745"]
[EventCountry "GER"]
[EventRounds "7"]
[EventType "team-swiss"]
[EventDate "2018.12.26"]

1. e4 c6 2. d4 d5 3. Nc3 dxe4 4. Nxe4 Nf6 5. Nxf6+ gxf6 6. c3 Bf5 7. Nf3 e6 8.
g3 Nd7 9. Bg2 Be4 10. O-O Qc7 11. Qe2 f5 12. Bh3 Bxf3 13. Qxf3 Bd6 14. Re1
O-O-O 15. b4 Kb8 16. a4 h5 17. Bg2 Nf6 18. b5 Nd5 19. c4 Nb4 20. Re2 a5 21. c5
Bxc5 22. dxc5 Ka8 23. Bb2 Rh7 24. bxc6 Nxc6 25. Rb1 Rd7 26. Bc3 Qc8 27. Reb2
Nb4 28. Bxb4 axb4 29. c6 1-0

[Event "DVM U14w 2018"]
[Site "Neumünster GER"]
[Date "2018.12.29"]
[Round "6"]
[White "Becker, Linda"]
[Black "Kiesel, Lara"]
[Result "1-0"]
[Termination "normal"]
[Board "5.1"]
[WhiteElo "1436"]
[BlackElo "1517"]
[WhiteTeam "SG Porz"]
[BlackTeam "SC Borussia Lichtenberg"]
[PlyCount "43"]
[WhiteFideId "16244753"]
[BlackFideId "12973785"]
[EventCountry "GER"]
[EventRounds "7"]
[EventType "team-swiss"]
[EventDate "2018.12.26"]

1. e4 e6 2. d4 d5 3. exd5 exd5 4. c4 Nf6 5. h3 Bb4+ 6. Nc3 O-O 7. Nf3 Ne4 8.
Bd2 Re8 9. Be2 dxc4 10. Nxe4 Rxe4 11. Bxb4 Qe8 12. Ng5 Rf4 13. O-O h6 14. Nf3
a5 15. Bd2 Rf6 16. Bxc4 Bxh3 17. gxh3 Qe4 18. Be2 Qe6 19. Qb3 Rg6+ 20. Kh2 Qd6+
21. Ne5 Nc6 22. Qxf7+ 1-0

[Event "DVM U14w 2018"]
[Site "Neumünster GER"]
[Date "2018.12.29"]
[Round "6"]
[White "Berghold, Lotta"]
[Black "Sinner, Joselyne"]
[Result "1/2-1/2"]
[Termination "normal"]
[Board "5.2"]
[WhiteElo "1383"]
[BlackElo "1518"]
[WhiteTeam "SC Borussia Lichtenberg"]
[BlackTeam "SG Porz"]
[PlyCount "44"]
[WhiteFideId "16243463"]
[BlackFideId "16210387"]
[EventCountry "GER"]
[EventRounds "7"]
[EventType "team-swiss"]
[EventDate "2018.12.26"]

1. d4 d5 2. Nf3 Nf6 3. e3 e6 4. Bd3 Bd6 5. Nbd2 b6 6. e4 dxe4 7. Nxe4 Bb7 8.
Nxd6+ Qxd6 9. h3 Nbd7 10. O-O O-O 11. c3 Rfe8 12. Re1 e5 13. dxe5 Nxe5 14. Nxe5
Rxe5 15. Rxe5 Qxe5 16. Be3 Qd5 17. Bf1 Rd8 18. Qxd5 Rxd5 19. Be2 Rd8 20. Bg5
Rd6 21. Bxf6 Rxf6 22. Rd1 Rd6 1/2-1/2

[Event "DVM U14w 2018"]
[Site "Neumünster GER"]
[Date "2018.12.29"]
[Round "6"]
[White "Ramien, Hannah"]
[Black "Relógio Stauber, Anna"]
[Result "1-0"]
[Termination "normal"]
[Board "5.3"]
[WhiteElo "1280"]
[BlackElo "1327"]
[WhiteTeam "SG Porz"]
[BlackTeam "SC Borussia Lichtenberg"]
[PlyCount "117"]
[WhiteFideId "16209982"]
[BlackFideId "16255771"]
[EventCountry "GER"]
[EventRounds "7"]
[EventType "team-swiss"]
[EventDate "2018.12.26"]

1. e4 c6 2. Nc3 d5 3. Nf3 dxe4 4. Nxe4 Bf5 5. Ng3 Bg6 6. h4 h6 7. Ne5 Bh7 8.
Qh5 g6 9. Bc4 e6 10. Qe2 Nf6 11. Nxf7 Qe7 12. Nxh8 Nd5 13. Bxd5 exd5 14. Qxe7+
Kxe7 15. O-O Bg7 16. Re1+ Kf8 17. d3 Bxh8 18. Bxh6+ Kf7 19. c3 Nd7 20. Bg5 Bf6
21. f4 Nc5 22. d4 Bxg5 23. fxg5 Re8 24. Rxe8 Kxe8 25. dxc5 Bg8 26. Re1+ Kf8 27.
h5 gxh5 28. Nxh5 Bf7 29. Nf6 Kg7 30. Ne8+ Kg6 31. Re7 b6 32. cxb6 axb6 33. Nd6
Bg8 34. Rb7 b5 35. Rb6 Kxg5 36. Rxc6 Bh7 37. Rc5 Kf4 38. Rxd5 Bg8 39. Rf5+ Kg4
40. a3 Bb3 41. Rxb5 Bc2 42. c4 Bd3 43. a4 Bg6 44. a5 Kf4 45. a6 Ke3 46. a7 Kd4
47. a8=Q Kd3 48. Qf3+ Kc2 49. Qe2+ Kb1 50. Qd1+ Ka2 51. Ra5+ Kxb2 52. c5 Kc3
53. c6 Bh7 54. Rc5+ Kb4 55. Qd4+ Kb3 56. Rc3+ Kb2 57. Qd2+ Bc2 58. Qxc2+ Ka1
59. Ra3# 1-0

[Event "DVM U14w 2018"]
[Site "Neumünster GER"]
[Date "2018.12.29"]
[Round "6"]
[White "Klühs, Isabel"]
[Black "Popovidou, Laura"]
[Result "1/2-1/2"]
[Termination "normal"]
[Board "5.4"]
[WhiteElo "1412"]
[BlackElo "980"]
[WhiteTeam "SC Borussia Lichtenberg"]
[BlackTeam "SG Porz"]
[PlyCount "56"]
[WhiteFideId "16228944"]
[BlackFideId "16255836"]
[EventCountry "GER"]
[EventRounds "7"]
[EventType "team-swiss"]
[EventDate "2018.12.26"]

1. d4 d5 2. Nf3 e6 3. e3 Nf6 4. Bd3 Nbd7 5. Nbd2 Bd6 6. e4 dxe4 7. Nxe4 Nxe4 8.
Bxe4 Nf6 9. Bd3 b6 10. O-O O-O 11. c3 Bb7 12. Be3 Re8 13. Re1 Rc8 14. Rc1 Ng4
15. Qe2 Bxf3 16. Qxf3 Bxh2+ 17. Kh1 Qh4 18. Qh3 Qxh3 19. gxh3 Nxe3 20. Kxh2 Nf5
21. Re2 c5 22. dxc5 Rxc5 23. Rce1 g6 24. Re4 Rd5 25. Bc4 Rd6 26. R1e2 Ng7 27.
Bb3 f5 28. Re5 Kf7 1/2-1/2